Bienvenue à la Médiathèque de Saint-Andiol
banniere
Accueil Recherche avancée Mon compte
handi1 Rechercher dans le catalogue

Filtre   Mots-clés
  Recherche avancée
 
Lister les dernières nouveautés
 
Lister les livres GROS CARACTERES
 
Lister les périodiques (magazines)

handi1 Malaventure en pain d'épices

<< Retourner aux résultats de la recherche
Book Cover
Auteur principal : Christophe Arleston
Autres auteurs : Audrey Alwett
Autres auteurs : Mini Ludvin
Titre : Malaventure en pain d'épices
Support : Livres
Langue : Francais
Publié : DL 2022 Drakoo Charnay-lès-Mâcon (Saône-et-Loire)
Series : Le grimoire d'Elfie
Genre : Bande Dessinée (enfants)
Collection : Le grimoire d'Elfie
Sujets :
Étiquettes :
Pas de tags
LEADER 01621nam0a2200241 450
001 16868342
010 |a 978-2-38233-095-1  |b rel.  |d 15,9 € 
100 |a 20260529d2026 u u0frey01 ba 
101 0 |a fre 
102 |a FR 
200 0 |a Malaventure en pain d'épices  |f scénario, Christophe Arleston, Audrey Alwett  |g dessins, Mini Ludvin - couleurs, Hélène Lenoble 
207 1 |a   
210 |a Charnay-lès-Mâcon (Saône-et-Loire)  |c Drakoo  |d DL 2022 
215 |a 1 vol. (80 p.)  |c ill. en coul.  |d 30 cm 
225 1 |a Le grimoire d'Elfie 
330 |a Un conte de Noël gourmand et mouvementé, qui vient apaiser les secrets du passé. Alors que Noël approche, le bus-librairie d'Elfie et de ses soeurs est immobilisé par une panne, en Alsace. Là, Elfie partage pour la première fois son secret : Faustine, fille de la pâtissière du village, est aussi une petite sorcière ! Mais Faustine est surtout une miss catastrophe qui se fourre dans des situations impossibles et compte sur Elfie pour l'aider à s'en sortir...Entre une tempête de neige et des attaques de bonshommes en pain d'épices, Elfie va découvrir une énigme familiale datant de la seconde guerre mondiale, qui pourrait bien changer la vie du village.Un conte de Noël gourmand et mouvementé, qui vient apaiser les secrets du passé. 
461 0 |t Le grimoire d'Elfie 
700 0 |a Arleston  |b Christophe  |f 1963-....  |4 70 
701 0 |a Alwett  |b Audrey  |f 1982-....  |4 70 
702 0 |a Mini Ludvin  |4 440 
900 |a Bande Dessinée (enfants) 
901 |a Jeunesse 
995 |a Médiathèque  |c Médiathèque  |f 089021900  |h 089021900  |k BD GRI  |o p  |q j  |r az  |e Médiathèque